000 01150nas a2200337 4500
001 BR2013008299
003 BR-BrBNA
005 20231205123050.0
007 ta
008 230509b bl.|||p| |||| 00| 00por d
040 _aBR-BrBNA
_bpor
_cBiblioteca Nacional de Agricultura
041 _a(Pt)
072 _aP34
100 1 _aGonzalez, H.A.Z.
100 1 _aCosta, M.D.
100 1 _aSilva, I.R.
100 1 _aNeves, J.C.L.
100 1 _aBarros, N.F. de
100 1 _aBorges, A.C.
245 1 _aAcúmulo de ácido oxálico e cristais de cálcio em ectomicorrizas de eucalipto. I - Produção de ácido oxálico e concentração de nutrientes em raízes laterais finas colonizadas por fungos ectomicorrízicos
650 _aBIOLOGIA DO SOLO
650 _aEUCALIPTO
650 _aRIZOSFERA
650 _aPOTÁSSIO
650 _aFÓSFORO
650 _aMAGNÉSIO
773 0 _tRevista Brasileira de Ciência do Solo (Brazil)
_xISSN 0100-0683
_g(May-Jun 2009), v. 33(3) p. 541-553
_wBR2013008299
856 4 0 _uhttp://www.scielo.br/pdf/rbcs/v33n3/v33n3a07.pdf
909 _a202311
_bLúcia
_c55
_dLúcia Elande
942 _2AGRIS
_n0
_cANA
999 _c232008
_d232008